| 000 | 01575cas a2200277 a 4500 | ||
|---|---|---|---|
| 001 | 000001404 | ||
| 003 | DO-SdBNP | ||
| 005 | 20250711101320.0 | ||
| 008 | 750727d18981927fr ar 0 0fre d | ||
| 040 |
_aDO-SdBNP _bspa _cBNPHU |
||
| 245 | 0 | 2 | _aL'Annee sociologique. |
| 260 |
_aParis : _bFelix Alcan, _c1898-1927. |
||
| 300 |
_a14 v. ; _c23 cm. |
||
| 310 | _aAnnual | ||
| 362 | 0 | _a1ere annee (1896-1897)-t. 12 (1909-1912) ; Nouv. ser., t. 1 (1923-1924)-nouv. ser., t. 2 (1924-1925). | |
| 500 | _aFounded and for some years edited by Emile Durkheim. | ||
| 580 | _aSplit into: Annales sociologiques. Serie A, Sociologie generale; Annales sociologiques. Serie B, Sociologie religieuse; Annales sociologiques. Serie C, Sociologie juridique et morale; Annales sociologiques. Serie D, Sociologie economique; and: Annales sociologiques. Serie E, Morphologie sociale, langage, technologie, esthetique. | ||
| 590 | _aSERBIB/SERLOC merged record | ||
| 700 | 1 |
_aDurkheim, Emile, _d1858-1917. _94702 |
|
| 785 | 1 | 6 |
_tAnnales sociologiques. Serie A, Sociologie generale _w(DLC)sn 90025011 _w(OCoLC)21187206 |
| 785 | 1 | 6 |
_tAnnales sociologiques. Serie B, Sociologie religieuse _w(DLC)sn 90025012 _w(OCoLC)9507400 |
| 785 | 1 | 6 |
_tAnnales sociologiques. Serie C, Sociologie juridique et morale _w(DLC)sn 90025013 _w(OCoLC)21187367 |
| 785 | 1 | 6 |
_tAnnales sociologiques. Serie D, Sociologie economique _w(DLC)sn 90025014 _w(OCoLC)9507520 |
| 785 | 1 | 6 |
_tAnnales sociologiques. Serie E, Morphologie sociale, langage, technologie, esthetique _w(DLC)sn 90025015 _w(OCoLC)21187582 |
| 942 |
_2ddc _cLBS1 |
||
| 999 |
_c1325 _d1325 |
||